[Event "EU-ch Silent"]
[Site "Lvov"]
[Date "2019.07.19"]
[Round "5"]
[White "Kuzerbayev, Yeldos"]
[Black "Zabolotny, Volodymyr"]
[Result "0-1"]
[WhiteElo "1383"]
[BlackElo "1967"]
[PlyCount "80"]
[EventDate "2019.07.16"]
[EventType "swiss"]
[EventRounds "7"]
[EventCountry "UKR"]
[SourceTitle "CBM 191 Extra"]
[Source "ChessBase"]
[SourceDate "2019.09.30"]
[SourceVersion "1"]
[SourceVersionDate "2019.09.30"]
[SourceQuality "1"]

1. d4 c5 2. Nf3 cxd4 3. Nxd4 g6 4. g3 Bg7 5. c3 Nf6 6. Bg2 0-0 7. 0-0 Nc6 8. Nxc6 bxc6 9. Nd2 a5 10. Re1 d5 11. Nf3 Qb6 12. a4 Ne4 13. e3 Ba6 14. Nd2 f5 15. Bf1 Rab8 16. Nxe4 fxe4 17. Bxa6 Qxa6 18. Qg4 Rf5 19. Rf1 Rbf8 20. Qd1 Rf3 21. Bd2 R8f5 22. Kg2 Qc8 23. Be1 Rh5 24. Rh1 Qh3+ 25. Kg1 Be5 26. Qe2 Rhf5 27. Qf1 Qxf1+ 28. Kxf1 Rxe3 29. Kg2 Re2 30. Rb1 d4 31. Rf1 d3 32. Rd1 Rxb2 33. c4 Bd4 34. Rd2 Rb1 35. Kh3 Bc3 36. Kg2 Rxe1 37. Rxe1 Bxd2 38. Rxe4 Bb4 39. Rd4 d2 40. f4 Rc5 0-1

[Event "EU-ch Silent"]
[Site "Lvov"]
[Date "2019.07.19"]
[Round "6"]
[White "Zabolotny, Volodymyr"]
[Black "Cechi, Goran"]
[Result "1/2-1/2"]
[WhiteElo "1967"]
[BlackElo "2034"]
[PlyCount "30"]
[EventDate "2019.07.16"]
[EventType "swiss"]
[EventRounds "7"]
[EventCountry "UKR"]
[SourceTitle "CBM 191 Extra"]
[Source "ChessBase"]
[SourceDate "2019.09.30"]
[SourceVersion "1"]
[SourceVersionDate "2019.09.30"]
[SourceQuality "1"]

1. d4 Nf6 2. c4 g6 3. g3 Bg7 4. Bg2 d5 5. cxd5 Nxd5 6. Nc3 Nxc3 7. bxc3 c5 8. Nf3 0-0 9. 0-0 cxd4 10. cxd4 Nc6 11. e3 Qa5 12. Bd2 Qa3 13. Bc1 Qa5 14. Bd2 Qa3 15. Bc1 Qa5 1/2-1/2

[Event "W-ch Disabled"]
[Site "Dresden"]
[Date "2015.10.24"]
[Round "7"]
[White "Checiak, Krzysztof"]
[Black "Zabolotny, Volodymyr"]
[Result "1-0"]
[WhiteElo "2102"]
[BlackElo "2018"]
[PlyCount "96"]
[EventDate "2015.10.18"]
[EventType "swiss"]
[EventRounds "7"]
[EventCountry "GER"]
[SourceTitle "CBM 168 Extra"]
[Source "ChessBase"]
[SourceDate "2015.10.29"]
[SourceVersion "1"]
[SourceVersionDate "2015.10.29"]
[SourceQuality "1"]

1. b3 e5 2. Bb2 d6 3. g3 Nf6 4. Bg2 g6 5. e4 Bg7 6. d4 exd4 7. Bxd4 Nc6 8. Bc3 0-0 9. Ne2 Bd7 10. 0-0 Re8 11. Nd2 Qc8 12. Re1 Bh3 13. Bh1 Ne5 14. Nf4 Bg4 15. f3 Bd7 16. Nf1 b5 17. Ne3 a5 18. a3 a4 19. b4 Bc6 20. Rc1 Qb7 21. Qd2 Rad8 22. Nfd5 Nxd5 23. exd5 Bd7 24. f4 Ng4 25. Bxg7 Kxg7 26. Nxg4 Bxg4 27. Qd4+ Kg8 28. Kf2 Qb8 29. Bg2 Qc8 30. Qd3 Qd7 31. Bf1 Rb8 32. Rxe8+ Qxe8 33. Re1 Qd8 34. Qd4 Bf5 35. c3 h5 36. h4 Qd7 37. Bg2 Re8 38. Rxe8+ Qxe8 39. Qe3 Qd7 40. Bf1 c6 41. Qb6 Be4 42. Qxc6 Qxc6 43. dxc6 Bxc6 44. Ke3 Kg7 45. c4 bxc4 46. Bxc4 Kf6 47. Bd3 Ke6 48. Kd4 Be8 1-0

[Event "W-ch Disabled"]
[Site "Dresden"]
[Date "2015.10.23"]
[Round "6"]
[White "Zabolotny, Volodymyr"]
[Black "Kaydanovich, Marina"]
[Result "1-0"]
[WhiteElo "2018"]
[BlackElo "1831"]
[PlyCount "73"]
[EventDate "2015.10.18"]
[EventType "swiss"]
[EventRounds "7"]
[EventCountry "GER"]
[SourceTitle "CBM 168 Extra"]
[Source "ChessBase"]
[SourceDate "2015.10.29"]
[SourceVersion "1"]
[SourceVersionDate "2015.10.29"]
[SourceQuality "1"]

1. c4 e5 2. g3 Nc6 3. Bg2 Nf6 4. Nc3 Be7 5. a3 a5 6. d3 0-0 7. Rb1 Rb8 8. Bd2 Nd4 9. e3 Ne6 10. Nd5 b6 11. b4 axb4 12. axb4 c6 13. Nxe7+ Qxe7 14. Bc3 Nc7 15. Ne2 Bb7 16. 0-0 Rfd8 17. Qc2 d6 18. Ra1 d5 19. Ra7 Qe6 20. Bb2 Nfe8 21. h4 Nd6 22. Rc1 Na6 23. cxd5 cxd5 24. Qa4 Qe8 25. Rxa6 Bxa6 26. Qxa6 Ra8 27. Qxb6 Ra2 28. Rb1 Nb5 29. Nc3 Rb8 30. Qc5 Nxc3 31. Qxc3 Rc8 32. Qxe5 Qxe5 33. Bxe5 Rcc2 34. Bxd5 Ra3 35. Bc4 h6 36. b5 Ra5 37. Bc7 1-0